000 00665nas a2200229 4500
001 BR8000030
003 BR-BrBNA
005 20231205084056.0
007 ta
008 230509b bl.|||p| |||| 00| 00por d
040 _aBR-BrBNA
_bpor
_cBiblioteca Nacional de Agricultura
041 _a(Pt)
072 _aH10
100 1 _aNovaretti, W.R.T.
245 1 _aNematoides na cultura de cana-de-acucar
650 _aCANA DE ACUCAR
650 _aNEMATOIDE
650 _aCONTROLE QUIMICO
773 0 _tBoletim Tecnico COPERSUCAR (Brazil)
_xISSN 0100-2996
_g(Sep 1979), (no. 10) p. 5-7
_wBR8000030
909 _a202311
_bLúcia
_c55
_dLúcia Elande
942 _2AGRIS
_n0
_cANA
999 _c102983
_d102983